Výtržníci slovenskej dramatiky

Bibliographic Details
Main Author: Polák, Milan, 1932-2022 (Author)
Format: Article
Language:Slovak
PhysicalDescription:Fotogr.
ISSN:0862-5999
Subjects:

MARC

LEADER 00000nab a2200000 a 4500
001 vtls000965718
003 SK-MaSNL
005 20260305015424.0
008 140422c2004 xo |||p|||| |00 b|slo
015 |a SNBRB2004/12  |2 snkbucl 
038 |a SNKBUCL 
040 |a SNKBUCL  |b slo  |c SNKBUCL  |e AACR2 
041 0 |a slo 
044 |a xo  |c SK 
080 |a 82(091):821.162.4-2"19/20"  |x (048)  |2 1997 
080 |a 821.162.4-2"19/20"  |x (048)  |2 1997 
080 |a 82.09:821.162.4-2"19/20"  |x (048)  |2 1997 
100 1 |a Polák, Milan,  |d 1932-2022  |4 aut  |9 102381 
245 1 0 |a Výtržníci slovenskej dramatiky  |c Milan Polák 
300 |b Fotogr. 
600 1 7 |a Klimáček, Viliam,  |d 1958-  |2 snkbucl  |9 103454 
600 1 7 |a Kerata, Ladislav,  |d 1961-  |2 snkbucl  |9 104475 
600 1 7 |a Janík, Pavol,  |d 1956-  |2 snkbucl  |9 221069 
600 1 7 |a Lavrík, Silvester,  |d 1964-  |2 snkbucl 
650 0 7 |a slovenská dráma  |2 snkbucl  |9 78099 
650 0 7 |a slovenskí dramatici  |2 snkbucl  |9 55757 
655 7 |a recenzie  |2 snkbucl  |9 21907 
740 0 2 |a Aj dráma je len človek 
773 0 |t Literárny (dvoj)týždenník  |g Roč. XVII, č. 40-41 (2004), s. 11  |x 0862-5999 
787 0 8 |i Mistrík, Miloš, 1953-  |t Premeny súčasnej drámy : aj dráma je len človek  |d Bratislava : Vydavateľstvo Spolku slovenských spisovateľov, 2003  |z 808061136X 
852 |a SNK  |b KIS3GCP 
958 |a RC 
958 |a LX 
999 |c 3274792  |d 3276722